|
|
|
|
| LEADER |
00000nam a2200000 a 4500 |
| 001 |
vtls001106319 |
| 003 |
SK-MaSNL |
| 005 |
20260224145521.0 |
| 008 |
250414s1977 xo 0 slo |
| 015 |
|
|
|a SNBA1977
|
| 035 |
|
|
|a SNK000049161
|
| 040 |
|
|
|a SNK
|b slo
|c SNK
|e AACR2
|
| 041 |
0 |
|
|a slo
|
| 044 |
|
|
|a xo
|c SK
|
| 080 |
|
|
|a 642:377.35(073)
|2 1981
|
| 080 |
|
|
|a 377.35(073)
|2 1981
|
| 080 |
|
|
|a 371.214.112
|2 1981
|
| 080 |
|
|
|a 642
|2 1981
|
| 080 |
|
|
|a 377.35
|2 1981
|
| 080 |
|
|
|a 642(073)
|2 1981
|
| 245 |
0 |
0 |
|a Učebný odbor 63-72-2 čašník, servírka
|b Dočasné učebné dokumenty učebných odborov skupiny 63
|
| 250 |
|
|
|a 1. vyd.
|
| 260 |
|
|
|a Bratislava
|b Slovenské pedagogické nakladateľstvo
|b Ministerstvo školstva SSR
|c 1977
|
| 300 |
|
|
|a 119 s., 3,54 AH
|c 20 cm
|
| 366 |
|
|
|e 600 výtl.
|
| 852 |
|
|
|a Slovenská národná knižnica
|
| 954 |
|
|
|a stravovanie spoločné
|a čašníci
|a servírky
|a osnovy učebné
|
| 958 |
|
|
|a OND
|
| 958 |
|
|
|a TL
|
| 999 |
|
|
|c 1050321
|d 1052251
|
| 952 |
|
|
|a SNK
|b SNK
|y NEVYP
|7 0
|p 17A0035668
|o snkSC 41203 D1
|0 0
|1 1
|4 0
|d 1997-02-06
|l 0
|r 2004-12-31 00:00:00
|w 2026-02-24
|
| 952 |
|
|
|a SNK
|b SNK
|y PREZ
|7 0
|p 17A0999888
|o snkSC 41203
|0 0
|1 0
|4 0
|d 2013-08-16
|l 0
|r 2025-10-17 00:00:00
|w 2026-02-24
|